00673nam a2200193Ia 4500008004100000020001500041082001500056100001700071245010400088250000900192260003800201300002900239500001900268600002700287650001500314942000700329952012600336999001700462240925s9999 xx 000 0 und d a8188458937 a621.37 GUP aGupta, J. B. 2aA Course in Electronics and Electrical Measurements and Electrical Measurements and Instrumentation a13th aNew Delhi:bS. K. Katariac,2008. axix,697p.bN.AfOriginal aIncludes Index aEngineering Technology aTechnology cBK 001040708ETaUITUbUITUd2011-03-30eStandard Booksg861.00l0o621.37 GUPpQ8680r2024-09-25 07:15:03w2024-09-25yBK c11179d11179